000 00317nam a22001457a 4500
008 210310b ||||| |||| 00| 0 eng d
020 _a9781423912057
041 _aeng
080 _a004
082 _a004
100 _a35
101 _aSHKI
245 _aDiscovering Computers 2008
_cShelly,B.G
942 _2udc
_cBK
999 _c56247
_d56247